ბათუმის შოთა რუსთაველის სახელმწიფო უნივერსიტეტის ბიბლიოთეკა

ტექსტებზე ორიენტირებული კომპეტენციების სწავლება / სწავლა უცხოური ენების მაგალითზე : (ბიბ.ჩანაწერი № 40857)

000 -ლიდერი
ფიქსირებული სიგრძის საკონტროლო ველი 01558nam a2200289Ia 4500
001 - საკონტროლო ნომერი
საკონტროლო ველი 7499
003 - საკონტროლო ნომრის იდენტიფიკატორი
საკონტროლო ველი GE_BSU
005 - ბოლო ოპერაციის თარიღი და დრო
საკონტროლო ველი 20200108170833.0
008 - ფიქსირებული სიგრძის მონაცემთა ელემენტები - ზოგადი ინფორმაცია
ფიქსირებული სიგრძის საკონტროლო ველი 181216s2013||||ge |||||||||||||| ||geo||
020 ## - წიგნის საერთაშორისო სტანდარტული ნომერი
International Standard Book Number 9789941434402
040 ## - კატალოგიზაციის წყარო
Transcribing agency GE_BSU
041 ## - ენის კოდი
Language code of text/sound track or separate title geo
080 ## - უნივერსალური ათობითი კლასიფიკაციის ინდექსი
Universal Decimal Classification number 801.73 მ–89
100 ## - მთავარი ჩანაწერი - პიროვნების სახელი
Personal name მჟავანაძე, ეკატერინე
9 (RLIN) 6017
245 ## - ცნობა სათაურის შესახებ
Title ტექსტებზე ორიენტირებული კომპეტენციების სწავლება / სწავლა უცხოური ენების მაგალითზე :
Remainder of title მონოგრაფია /
Statement of responsibility, etc ეკატერინე მჟავანაძე ; რედ.: ციალა მეგრელაძე, ირინე გოშხეთელიანი.
264 ## - წარმოების, გამოცემის, დისტრიბუციის და სხვა ცნობები
გამოცემის, წარმოების, დისტრიბუციის... ადგილი ბათუმი :
გამოცემის, წარმოების, დისტრიბუციის... სახელწოდება ბათუმის შოთა რუსთაველის სახ. უნ–ტი,
გამოცემის, წარმოების, დისტრიბუციის... თარიღი 2013.
300 ## - ფიზიკური აღწერა
Extent 278 გვ.;
Other physical details 21 სმ.
500 ## - ზოგადი შენიშვნა
General note თავფურ. მე-3 გვ.
501 ## - შენიშვნა თანმხლებ მასალაზე
With note ანბ. საძიებელი: გვ. 276.
504 ## - BIBLIOGRAPHY, ETC. NOTE
Bibliography, etc ბიბლიოგრ.: გვ. 261-275.
520 ## - SUMMARY, ETC.
Summary, etc რეზ. ინგლ.
653 ## - INDEX TERM--UNCONTROLLED
Uncontrolled term უცხო ენის სწავლების მეთოდიკა
700 ## - ADDED ENTRY--PERSONAL NAME
Personal name მეგრელაძე, ციალა
Relator term რედაქტორი
9 (RLIN) 1081
700 ## - ADDED ENTRY--PERSONAL NAME
Personal name გოშხეთელიანი, ირინე
Relator term რედაქტორი
9 (RLIN) 6018
942 ## - ADDED ENTRY ELEMENTS (KOHA)
Koha item type წიგნი
Source of classification or shelving scheme
ეგზემპლარები
ჩამოწერის სტატუსი დაკარგული ეგზემპლარის სტატუსი კლასიფიკაციის წყარო ან თაროზე გაწყობის სქემა დაზიანების სტატუსი არ გაიცემა მუდმივი მდებარეობა (დაცვის ადგილი) ამჟამინდელი ადგილსამყოფელი თაროზე განთავსების ადგილი შეძენის თარიღი ღირებულება, შესყიდვის ნორმალური ფასი სრული შენახვის შიფრი შტრიხკოდი ბოლო ოპერაციის თარიღი ეგზემპლარის მიმდევრობითი ნომერი (კეტერი?) ფასის ძალაში შესვლის თარიღი ეგზემპლარის სახეობა საჯარო შენიშვნა
          ბათუმის შოთა რუსთაველის სახელმწიფო უნივერსიტეტის მთავარი ბიბლიოთეკა ბათუმის შოთა რუსთაველის სახელმწიფო უნივერსიტეტის მთავარი ბიბლიოთეკა წიგნსაცავი 2018-12-17 7.00 801.73 მ–89 7286 2018-12-17 7286 2018-12-17 წიგნი 7 ლ. 33 თ.
          ბათუმის შოთა რუსთაველის სახელმწიფო უნივერსიტეტის მთავარი ბიბლიოთეკა ბათუმის შოთა რუსთაველის სახელმწიფო უნივერსიტეტის მთავარი ბიბლიოთეკა წიგნსაცავი 2018-12-17 7.33 801.73 მ–89 7285 2018-12-17 7285 2018-12-17 წიგნი 7 ლ. 33 თ.
          ბათუმის შოთა რუსთაველის სახელმწიფო უნივერსიტეტის მთავარი ბიბლიოთეკა ბათუმის შოთა რუსთაველის სახელმწიფო უნივერსიტეტის მთავარი ბიბლიოთეკა წიგნსაცავი 2018-12-17 7.33 801.73 მ–89 7288 2018-12-17 7288 2018-12-17 წიგნი 7 ლ. 33 თ.
          ბათუმის შოთა რუსთაველის სახელმწიფო უნივერსიტეტის მთავარი ბიბლიოთეკა ბათუმის შოთა რუსთაველის სახელმწიფო უნივერსიტეტის მთავარი ბიბლიოთეკა წიგნსაცავი 2018-12-17 7.33 801.73 მ–89 7287 2018-12-17 7287 2018-12-17 წიგნი 7 ლ. 33 თ.
          ბათუმის შოთა რუსთაველის სახელმწიფო უნივერსიტეტის მთავარი ბიბლიოთეკა ბათუმის შოთა რუსთაველის სახელმწიფო უნივერსიტეტის მთავარი ბიბლიოთეკა წიგნსაცავი 2018-12-17 7.33 801.73 მ–89 7284 2018-12-17 7284 2018-12-17 წიგნი 7 ლ. 33 თ.